| 000 | 01244cam a2200385 a 4500 | ||
|---|---|---|---|
| 001 | 11800157 | ||
| 003 | OSt | ||
| 005 | 20140310184252.0 | ||
| 008 | 990930s2000 nyua b 000 0 eng | ||
| 010 | _a 99050034 | ||
| 020 | _a0439096960 (hc) | ||
| 020 | _a0439096979 (pb) | ||
| 040 |
_aDLC _cDLC _dDLC |
||
| 042 |
_apcc _alcac |
||
| 050 | 0 | 0 |
_aQL 122.2 _b.R66 2001 |
| 100 | 1 |
_aRose, Deborah Lee. _922775 |
|
| 245 | 1 | 0 |
_aInto the A, B, sea : _ban ocean alphabet / _cby Deborah Lee Rose ; pictures by Steve Jenkins. |
| 250 | _a1st ed. | ||
| 260 |
_aNew York : _bScholastic Press, _c2000. |
||
| 300 |
_bcol. ill. ; _c29 cm. |
||
| 521 | _aG1 | ||
| 526 | _cBR | ||
| 650 | 0 |
_aMarine animals _vJuvenile literature. _922776 |
|
| 650 | 0 |
_aAlphabet books. _922777 |
|
| 650 | 1 |
_aMarine animals. _922778 |
|
| 650 | 1 |
_aAlphabet. _922779 |
|
| 700 | 1 |
_aJenkins, Steve, _d1952- _eill. _922780 |
|
| 906 |
_a7 _bcbc _corignew _d1 _eocip _f19 _gy-gencatlg |
||
| 942 |
_2lcc _cBK-SCHOLAS |
||
| 999 |
_c33379 _d33379 |
||